| 000 | 00596nam a2200241 a 4500 | ||
|---|---|---|---|
| 001 | nice12345678 | ||
| 003 | IN_TiNIC | ||
| 005 | 20260116013416.0 | ||
| 008 | 050524s1995 hyda grp 000 0 ara | ||
| 020 |
_a _c115 |
||
| 082 | 0 | 0 |
_a297.124 _bWAL |
| 100 | _aWaliullah, Shah | ||
| 245 | _aSharah Tarajim Abwaab Sahih Bukhari | ||
| 260 |
_aHyderabad _bDairatul Maarif _c1995 |
||
| 300 | _a139p | ||
| 500 | _aincludes index and biblioraphy | ||
| 505 | 2 | _achronology, index | |
| 650 | _aHadith-Bukhari | ||
| 700 | 1 | _aWaliullah, Shah | |
| 902 | _bRHR | ||
| 942 | _cBK | ||
| 999 |
_c10879 _d10879 |
||